000
00307nam a22001337a 4500
003
SGT
020
_a
8185731403
082
_a
615.1
_b
SUB
100
_a
SUBRAHMANYAM C.V.S
245
_a
PHARMACEUTICAL PRODUCTION AND MANAGEMENT
260
_a
INDIA
_b
VALLABH PUB
_c
2022
300
_a
496
942
_2
ddc
_c
BK
999
_c
34459
_d
34459